Los evangelios apócrifos
Saved in:
| Hovedforfatter: | |
|---|---|
| Format: | Bog |
| Sprog: | spansk |
| Udgivet: |
Madrid
BAC
1963
|
| Udgivelse: | 2a. ed |
| Fag: | |
| Tags: |
Tilføj Tag
Ingen Tags, Vær først til at tagge denne postø!
|
MARC
| LEADER | 00000nam a2200000 a 4500 | ||
|---|---|---|---|
| 001 | UCZ2245 | ||
| 003 | CL-VaPUC | ||
| 008 | 950926e19630000SP |||||||||||||||||spa|d | ||
| 082 | 0 | 4 | |a 229.8 |b SAN |2 21 |
| 100 | 0 | |a Santos Otero, Aurelio de |e author |9 346025 | |
| 245 | 1 | 4 | |a Los evangelios apócrifos |
| 250 | |a 2a. ed | ||
| 300 | |a 705 p | ||
| 942 | |c BK | ||
| 945 | |d 19950926 00:00:00 |a lriquelm | ||
| 260 | |a Madrid |b BAC |c 1963 | ||
| 650 | 0 | |a Evangelios |9 314864 | |
| 583 | |a last modification |c 19950926 00:00:00 |k Rodrigo Vera | ||
| 999 | |c 238883 |d 238881 | ||
| 952 | |0 0 |1 0 |4 0 |6 229_800000000000000_SAN_1963 |7 0 |8 P |9 249466 |a BIBEDU |b BIBEDU |c BIBEDU_PB |d 2019-11-18 |i 1566555 |l 1 |o 229.8 SAN 1963 |p 1566555 |r 2024-01-25 |s 2022-04-04 |w 2019-11-18 |y BK |k FIL | ||